Arbres - Mort subite - Statistiques

Statistiques générales
  • Ce quiz a été pris 4 065 fois
  • Le résultat moyen est 4 sur 16
Answers on the Grid
Answers color-coded by a green-red scale on the quiz's grid according to % correct below.
Fraisier
Cerisier
Cocotier
Noyer
Palmier
Bambou
Charme
Charmille
Hêtre
Chêne
Saule
Sauge
Griottier
Thym
Bananier
Cacaoyer
Muscadier
Orme
Cannelier
Vigne
Houblon
Dattier
Acacia
Epicéa
Mûrier
Manguier
Glycine
Acajou
 
Statistiques - réponses
Réponse % Correct
Chêne
46%
Hêtre
40%
Cerisier
39%
Acacia
37%
Epicéa
34%
Noyer
34%
Saule
34%
Acajou
27%
Orme
23%
Charme
21%
Manguier
13%
Cacaoyer
12%
Mûrier
10%
Griottier
5%
Muscadier
5%
Cannelier
3%
Aucun quiz correspondant
Distribution des résultats
% des personnes avec chaque résultat
Percentile par nombre de réponses
Votre historique - résultats
Vous n’avez pas pris ce quiz